书目信息 |
| 题名: |
褪黑素的基础研究与临床应用
|
|
| 作者: | 张均田, 主编 | |
| 分册: | ||
| 出版信息: | 北京 化学工业出版社 2005 |
|
| 页数: | 142页 | |
| 开本: | 21cm | |
| 丛书名: | ||
| 单 册: | ||
| 中图分类: | R977.1 | |
| 科图分类: | ||
| 主题词: | 褪黑素--Tui Hei Su--研究 | |
| 电子资源: | ||
| ISBN: | 7-5025-6186-2 | |
| 000 | 00790nam0 2200229 450 | |
| 001 | CAL 012005002927 | |
| 005 | 20061123150650.12 | |
| 010 | @a7-5025-6186-2@dCNY 15.00 | |
| 099 | @aCAL 012005002927 | |
| 100 | @a20041216d2005 emky0chiy0121 ea | |
| 101 | 0 | @achi |
| 102 | @aCN@b110000 | |
| 200 | 1 | @a褪黑素的基础研究与临床应用@ATui Hei Su De Ji Chu Yan Jiu Yu Lin Chuang Ying Yong@f张均田主编 |
| 210 | @a北京@c化学工业出版社@d2005 | |
| 215 | @a142页@c图@d21cm | |
| 320 | @a有书目 | |
| 330 | @a本书就褪黑素所具有的促进睡眠、延缓衰老、提高免疫力的功能,以及其作为药品或保健品的主要成分的广泛应用给予了科学客观的解答。 | |
| 606 | 0 | @a褪黑素@ATui Hei Su@x研究 |
| 690 | @aR977.1@v4 | |
| 701 | 0 | @a张均田,@AZhang Jun Tian@f1931-@4主编 |
| 801 | @aCN@c20061123 | |
| 905 | @a10447@dR977.1@eZ126 | |
| 褪黑素的基础研究与临床应用/张均田主编.-北京:化学工业出版社,2005 |
| 142页:图;21cm |
| ISBN 7-5025-6186-2:CNY 15.00 |
| 本书就褪黑素所具有的促进睡眠、延缓衰老、提高免疫力的功能,以及其作为药品或保健品的主要成分的广泛应用给予了科学客观的解答。 |
| ● |
| 相关链接 |
|
|
|
正题名:褪黑素的基础研究与临床应用
索取号:R977.1/Z126
 
预约/预借
| 序号 | 登录号 | 条形码 | 馆藏地/架位号 | 状态 | 备注 |
| 1 | 613913 | 206139132 | 自科库401/401自科库 23排3列1层/ [索取号:R977.1/Z126] | 在馆 | |
| 2 | 613914 | 206139141 | 自科库401/401自科库 23排3列1层/ [索取号:R977.1/Z126] | 在馆 |